GPS-(E-BOOK) (Record no. 191430)
[ view plain ]
| 000 -LEADER | |
|---|---|
| fixed length control field | 00920 a2200193 4500 |
| 003 - CONTROL NUMBER IDENTIFIER | |
| control field | Nust |
| 005 - DATE AND TIME OF LATEST TRANSACTION | |
| control field | 20170207154016.0 |
| 020 ## - INTERNATIONAL STANDARD BOOK NUMBER | |
| International Standard Book Number | 978-3-540-72714-9 |
| 035 ## - SYSTEM CONTROL NUMBER | |
| System control number | (Mo)b1722275 |
| 040 ## - CATALOGING SOURCE | |
| Transcribing agency | Nust |
| 082 04 - DEWEY DECIMAL CLASSIFICATION NUMBER | |
| Classification number | 621.382 |
| 100 1# - MAIN ENTRY--PERSONAL NAME | |
| Personal name | Xu, Guochang |
| 245 10 - TITLE STATEMENT | |
| Title | GPS-(E-BOOK) |
| Remainder of title | theory, algorithms and applications / |
| Statement of responsibility, etc. | Guochang Xu |
| 250 ## - EDITION STATEMENT | |
| Edition statement | 2. ed. |
| 260 ## - PUBLICATION, DISTRIBUTION, ETC. | |
| Place of publication, distribution, etc. | Berlin : |
| Name of publisher, distributor, etc. | Springer, |
| Date of publication, distribution, etc. | cop. 2007 |
| 300 ## - PHYSICAL DESCRIPTION | |
| Extent | 340 s. : |
| Other physical details | ill. ; |
| Dimensions | 24 cm |
| 505 ## - FORMATTED CONTENTS NOTE | |
| Formatted contents note | Introduction 1 Coordinate and Time Systems 7Satellite Orbits. 21 GPS Observables 37 Physical Influences of GPS Surveying 43 GPS Observation Equations and Equivalence Properties 87 Adjustment and Filtering Methods 133 Cycle Slip Detection and Ambiguity Resolution 167 Parameterisation and Algorithms of GPS Data Processing 187 Applications of GPS Theory and Algorithms 219 Perturbed Orbit and its Determination. 243 Discussions. 305 |
| 650 ## - SUBJECT ADDED ENTRY--TOPICAL TERM | |
| Topical term or geographic name entry element | Telecommunication engineering. |
| 942 ## - ADDED ENTRY ELEMENTS (KOHA) | |
| Source of classification or shelving scheme | |
| Koha item type | Book |
| Withdrawn status | Lost status | Source of classification or shelving scheme | Damaged status | Not for loan | Collection code | Permanent Location | Current Location | Date acquired | Total Checkouts | Full call number | Barcode | Date last seen | Price effective from | Koha item type |
|---|---|---|---|---|---|---|---|---|---|---|---|---|---|---|
| Military College of Signals (MCS) | Military College of Signals (MCS) | 12/12/2016 | 621.382 XUG | MCSEB-738 | 12/08/2016 | 12/12/2016 | Book |
